000 00771nam a22002297a 4500
005 20250730142341.0
008 250730b |||||||| |||| 00| 0 eng d
020 _aOxford handbook of personnel psychology
037 _cREF
040 _aCRL
_cCRL
041 _2eng
_aeng
084 _aX:9:(S)g P8
_qCRl
245 _aOxford handbook of personnel psychology
260 _aUK, Oxfod:
_bOxfod University Pess,
_c2008.
300 _axiii, 653p.
365 _b2993.28
_cINR
650 _aEconomics
700 _aCartwright, Susan
_eEditor.
_9816933
700 _a Cooper, Cay L.
_eEditor.
_9816935
942 _2CC
_cREF
_hX:9:(S)g P8
_n0
999 _c1434396
_d1434396